| 000 | 00523nam a2200145 a 4500 | ||
|---|---|---|---|
| 001 | 000038758 | ||
| 005 | 20201002031348.0 | ||
| 008 | 130419s1997 mx a 001 0 spa d | ||
| 040 |
_aDO-SdBNP _bspa _cBNPHU |
||
| 100 | 1 |
_aMalanchuk, Maureen _965057 |
|
| 245 | 1 | 0 |
_aInformación, habilidades para organizarla y mantener el control / _cMaureen Malanchuk ; traducción Ma. del Pilar Carril. |
| 260 |
_aMéxico : _bSimon & Schuster Comany, _c1997. |
||
| 300 |
_axi,128 p. : _bil. ; _c28 cm. |
||
| 700 | 1 |
_aCarril, Ma. del Pilar _965058 |
|
| 999 |
_c38248 _d38248 |
||